[Event "HCL-C4153"]
[Site "www.playchess.de"]
[Date "2006.03.16"]
[Round "6"]
[White "nicola"]
[Black "Linman2"]
[WhiteElo "1111"]
[BlackElo "1454"]
[PlyCount "68"]
[Result "1/2-1/2"]

1.e3 {hi}  c5 {hi}  2.b3 d5 3.Bb2 e6 4.Nf3 Nf6 
5.Bb5+ Bd7 6.Bxd7+ Nbxd7 7.O-O Bd6 8.Nc3 O-O 9.d3 
a6 10.Ne2 Qc7 11.c4 dxc4 12.dxc4 Rad8 13.Qc2 Ne5 
14.Bxe5 Bxe5 15.Nxe5 Qxe5 16.Ng3 Rd7 17.Rad1 Rfd8 
18.Rxd7 Rxd7 19.Re1 Qd6 20.Qb1 Qd2 21.h3 b5 
22.cxb5 axb5 23.Nf1 Qd3 24.Ng3 Qxb1 25.Rxb1 Rd2 
26.Ra1 Nd5 27.Ne4 Rc2 28.a4 bxa4 29.bxa4 Nc7 30.a5 
Na6 31.Kf1 Kf8 32.Rb1 Ra2 33.Rb5 c4 34.Nc5 Nxc5 
{(offering draw)}  1/2-1/2

[Event "HCL-T257"]
[Site "www.playchess.de"]
[Date "2006.03.16"]
[Round "6"]
[White "reddog"]
[Black "mel"]
[WhiteElo "1819"]
[BlackElo "1154"]
[PlyCount "59"]
[Result "1-0"]

1.d4 d5 2.c4 e5 3.dxe5 Ne7 4.Nc3 {Hi Mel, have a 
good game}  c6 {thx,you too.
}  5.cxd5 Nxd5 6.Nxd5 cxd5 7.Nf3 Bb4+ 8.Bd2 Bxd2+ 
9.Qxd2 O-O 10.e3 Be6 11.Be2 Nc6 12.Rc1 a6 13.O-O 
h6 14.Rfd1 f5 15.Nd4 Nxd4 16.exd4 f4 17.Bf3 Rf5 
18.Bg4 Rg5 19.Bxe6+ Kh8 20.Qxf4 Qe7 21.Bxd5 Rf8 
22.Rc7 Qd8 23.Rf7 Re8 24.Qf3 b6 25.h4 Rg6 26.Qf5 
Qxd5 27.Qxg6 Rg8 28.Rc1 Qxd4 29.Rxg7 Rxg7 
30.Rc8+ 1-0

[Event "HCL-B3949"]
[Site "www.playchess.de"]
[Date "2006.03.16"]
[Round "2"]
[White "dg"]
[Black "kuda_hitam"]
[WhiteElo "1240"]
[BlackElo "1363"]
[PlyCount "97"]
[Result "1-0"]

1.e4 e5 2.Nf3 Nc6 3.Bb5 a6 4.Bxc6 dxc6 5.d4 Bg4 
6.dxe5 Qxd1+ 7.Kxd1 O-O-O+ 8.Ke2 f6 9.exf6 Nxf6 
10.e5 Re8 11.Bf4 Nd5 12.Bg3 g5 13.Re1 Nf4+ 14.Bxf4 
gxf4 15.Nbd2 Rxe5+ 16.Kf1 Rxe1+ 17.Rxe1 Bc5 18.h3 
Bf5 19.c3 {(offering draw)}  Bd3+ 20.Kg1 Rg8 21.b4 
Bd6 22.a4 Bc2 23.a5 Bf5 24.Kh2 Kb8 25.Ne4 Re8 
26.Nxd6 Rxe1 27.Nxe1 cxd6 28.g3 fxg3+ 29.fxg3 Be4 
30.g4 Kc7 31.Ng2 Bxg2 32.Kxg2 Kd7 33.Kf3 Ke6 
34.Kf4 h6 35.h4 Kf6 36.c4 Kg6 37.Ke4 Kf6 38.Kf4 
Kg6 39.g5 hxg5+ 40.hxg5 c5 41.bxc5 dxc5 42.Ke4 
Kxg5 43.Kd5 Kf5 44.Kxc5 Ke5 45.Kb6 Kd4 46.Kxb7 
Kxc4 47.Kxa6 Kc5 48.Kb7 {gg...gl in the rest of 
the tourement}  Kb5 49.a6 1-0

[Event "HCL-A2639"]
[Site "www.playchess.de"]
[Date "2006.03.16"]
[Round "1"]
[White "TyrTRR"]
[Black "sonnygarcia"]
[WhiteElo "1820"]
[BlackElo "1078"]
[PlyCount "29"]
[Result "1-0"]

1.e4 {Nice to meet you, good luck in our game.}  
e6 2.d4 d5 {Hello! I have the same wish for you!}  
3.Nc3 Bb4 4.e5 c5 5.a3 Ba5 6.b4 cxd4 7.Qg4 Ne7 
8.Nb5 Bc7 9.Qxg7 Rg8 10.Qxh7 Bxe5 11.Nf3 Bh8 
12.Bf4 d3 13.Bc7 Qd7 14.Nd6+ Kf8 
15.Qxf7+ 1-0

[Event "HCL-C4129"]
[Site "www.playchess.de"]
[Date "2006.03.16"]
[Round "4"]
[White "Kaspov"]
[Black "gobber"]
[WhiteElo "1014"]
[BlackElo "755"]
[PlyCount "46"]
[Result "0-1"]

1.e4 e5 2.Nf3 Nc6 {Hi and good luck!!!}  3.Bb5 a6 
4.Bxc6 dxc6 5.Nxe5 Qe7 6.d4 Nf6 7.Bg5 Be6 8.Nf3 
O-O-O 9.e5 Qb4+ 10.Bd2 Qb5 11.b3 Ne4 12.c4 Qb6 
13.Be3 Bb4+ 14.Nbd2 Qa5 15.O-O Nc3 16.Qc2 Ne2+ 
17.Kh1 Nc3 18.Ng5 Rde8 19.Nxe6 Rxe6 20.Qf5 Nxa2 
21.Qxf7 Re7 22.Qf5+ Rd7 23.c5 b6 0-1

[Event "HCL-A2527"]
[Site "www.playchess.de"]
[Date "2006.03.16"]
[Round "8"]
[White "mrchess"]
[Black "taroak"]
[WhiteElo "1432"]
[BlackElo "1458"]
[PlyCount "93"]
[Result "1-0"]

1.d4 {good luck}  Nf6 2.e3 b6 3.Bd3 Bb7 4.Nf3 e6 
5.c3 c5 6.Nbd2 d5 7.Ne5 Be7 8.f4 O-O 9.O-O Ba6 
10.Bxa6 Nxa6 11.Nc6 Qd6 12.Nxe7+ Qxe7 13.Nf3 Nc7 
14.Ne5 Nce8 15.Bd2 Nd6 16.Qc2 Nfe4 17.Be1 f6 
18.Nd3 cxd4 19.exd4 Rf7 20.Bh4 Nf5 21.Be1 Ne3 
22.Qe2 Nxf1 23.Qxf1 e5 24.dxe5 fxe5 25.Nxe5 Qc5+ 
26.Kh1 Re7 27.Qd3 Rae8 28.Rd1 g5 29.g3 R7xe5 
30.fxe5 Rf8 31.b4 Qc6 32.Kg2 Nxc3 33.Bxc3 d4+ 
34.Kg1 Qxc3 35.Qxd4 Qxd4+ 36.Rxd4 Re8 37.Rd7 Rxe5 
38.Rxa7 Re2 39.b5 Rb2 40.a4 Rb4 41.Kg2 h5 42.Kh3 
Rc4 43.Ra6 Rb4 44.Rxb6 Rxa4 45.Rg6+ Kf7 46.Rxg5 h4 
47.g4 1-0

[Event "HCL-B3917"]
[Site "www.playchess.de"]
[Date "2006.03.16"]
[Round "4"]
[White "Kold_Blooded_Ken"]
[Black "Innessa"]
[WhiteElo "1354"]
[BlackElo "964"]
[PlyCount "42"]
[Result "0-1"]

1.e4 e5 2.Bc4 Nf6 3.Nf3 d5 4.Bb5+ c6 5.Bd3 dxe4 
6.Bxe4 Nxe4 7.O-O Bd6 8.d4 Bg4 9.Re1 Qb6 10.Rxe4 
h5 11.Qe2 Nd7 12.Nc3 O-O-O 13.Na4 Qa5 14.dxe5 Bxf3 
15.Qxf3 Nxe5 16.Qf5+ Kb8 17.Be3 b5 18.Nc5 Rhe8 
19.Rxe5 Bxe5 20.Qxf7 Bc7 21.Bf4 
Re1+ 0-1

[Event "HCL-C4108"]
[Site "www.playchess.de"]
[Date "2006.03.16"]
[Round "16"]
[White "aidogael"]
[Black "Genesio"]
[WhiteElo "1169"]
[BlackElo "1067"]
[PlyCount "33"]
[Result "1-0"]

1.e4 c5 {Welcome!}  2.Bc4 e6 3.Nf3 d5 4.Bb5+ Bd7 
5.Bxd7+ Nxd7 6.exd5 exd5 7.O-O Bd6 8.Re1+ Ne7 9.d4 
O-O 10.dxc5 Nxc5 11.Bg5 Re8 12.Nc3 f6 13.Be3 Qb6 
14.Nxd5 Nxd5 15.Qxd5+ Kh8 16.b4 Nd7 
17.Bxb6 1-0

[Event "HCL-C4134"]
[Site "www.playchess.de"]
[Date "2006.03.16"]
[Round "7"]
[White "aussie"]
[Black "Genesio"]
[WhiteElo "1113"]
[BlackElo "1067"]
[PlyCount "45"]
[Result "1-0"]

1.e4 c5 2.b3 Nc6 3.Bb2 e5 4.Nf3 d6 5.Be2 Be7 6.Nc3 
Nf6 7.d3 O-O 8.O-O Bg4 9.h3 Bxf3 10.Bxf3 Nd4 
11.Nd5 Nxd5 12.exd5 Nxf3+ 13.Qxf3 f5 14.g3 f4 
15.Qg4 fxg3 16.fxg3 Rxf1+ 17.Rxf1 Qa5 18.Qe6+ Kh8 
19.Qxe7 Qd8 20.Qxb7 a5 21.Rf7 Qg8 22.Qe7 Rf8 
23.Rxf8 1-0

[Event "HCL-B3934"]
[Site "www.playchess.de"]
[Date "2006.03.16"]
[Round "4"]
[White "xmen"]
[Black "larese"]
[WhiteElo "1397"]
[BlackElo "800"]
[PlyCount "55"]
[Result "1-0"]

1.e4 e5 2.Nf3 Nc6 3.Bb5 Nf6 4.O-O Nxe4 5.Re1 Nf6 
6.Bxc6 dxc6 7.Nxe5 Be7 8.Nc3 Be6 9.d3 Nd5 10.Qf3 
Rf8 11.Bd2 Bd6 12.Nc4 Nf6 13.Na5 Rb8 14.Bg5 Be7 
15.Bxf6 Bxf6 16.Nxb7 Qd7 17.Nc5 Qd6 18.N3e4 Qd5 
19.c4 Qd4 20.Nxf6+ gxf6 21.Qxc6+ Kd8 22.Rxe6 Kc8 
23.Rae1 fxe6 24.Qxe6+ Kd8 25.Qe7+ Kc8 26.Qxf8+ Qd8 
27.Re8 Rxb2 28.Rxd8+ 1-0

[Event "HCL-A2640"]
[Site "www.playchess.de"]
[Date "2006.03.16"]
[Round "6"]
[White "MimiSiku"]
[Black "willem199"]
[WhiteElo "1462"]
[BlackElo "1459"]
[PlyCount "27"]
[Result "0-1"]

1.e4 {Hi again!}  e5 {Yes, have a nice game, 
again!}  2.Nf3 Nc6 3.d4 exd4 4.Nxd4 Qf6 5.Nxc6 
dxc6 6.c3 Bc5 7.Qe2 Ne7 8.Be3 Bxe3 {your turn to 
win this game}  9.Qxe3 {I'll do my very best!}  
O-O {ok}  10.Bd3 Re8 11.Nd2 Nd5 12.Qf3 Qxf3 
13.Nxf3 Nf4 14.O-O 0-1

[Event "ACL-A660"]
[Site "www.playchess.de"]
[Date "2006.03.16"]
[Round "4"]
[White "PhilipKaveny"]
[Black "shadow_cup"]
[WhiteElo "1496"]
[BlackElo "1500"]
[PlyCount "43"]
[Result "1-0"]

1.Nf3 Nc6 2.g3 b6 3.Bg2 Bb7 4.O-O g6 5.e4 Bg7 6.c3 
e5 7.d4 d6 8.d5 Nce7 9.Qa4+ c6 10.c4 a6 11.Nc3 {I 
have to go in about five minutes
}  b5 12.cxb5 axb5 13.Qb4 f5 14.Ng5 cxd5 15.Ne6 
{Banzi}  Qb6 {That looks nasty. :P My bad. ;)}  
16.Nxg7+ Kf7 17.Be3 d4 18.Nxb5 Kxg7 {crafty. ^_~}  
19.Bg5 {Too crafty by half}  fxe4 20.a4 Nc8 21.a5 
Qc6 22.Rfc1 1-0

[Event "HCL-A2540"]
[Site "www.playchess.de"]
[Date "2006.03.16"]
[Round "5"]
[White "mrchess"]
[Black "tiit145"]
[WhiteElo "1433"]
[BlackElo "1475"]
[PlyCount "69"]
[Result "1-0"]

1.d4 {good luck}  Nf6 {Hello!}  2.Bg5 {hello}  Ne4 
3.Bh4 g5 4.Bg3 Nxg3 5.hxg3 b6 6.e4 Nc6 
{Hello!Happy New Year! Tiit}  7.c3 {thanks you 
too}  e5 8.d5 Ne7 9.Nf3 f6 10.Bb5 c6 11.dxc6 a6 
12.cxd7+ Bxd7 13.Bxd7+ Qxd7 14.Qxd7+ Kxd7 15.Nbd2 
Ke6 16.Nc4 b5 17.Na5 Nc8 18.Rd1 Nb6 19.O-O g4 
20.Nh4 Na4 21.Rd2 b4 22.c4 Bh6 23.Rc2 Rhd8 24.Nf5 
Bf8 25.Ne3 h5 26.Nd5 Rac8 27.Nb3 Nc5 28.Nxc5+ Bxc5 
29.b3 a5 30.Rd2 Rdh8 31.Rfd1 a4 32.Nb6 Rc6 33.Nxa4 
Bd4 34.Nb2 Bc3 35.Rc2 1-0

[Event "ACL-M089"]
[Site "www.playchess.de"]
[Date "2006.03.16"]
[Round "2"]
[White "msdnewmex"]
[Black "Beezer"]
[WhiteElo "2071"]
[BlackElo "1960"]
[PlyCount "51"]
[Result "1-0"]

1.e4 {Greetings from New Mexico, Again :-)}  c6 
{Hello - Nice to play you again!}  2.d4 d5 3.Nc3 
dxe4 4.Nxe4 Bf5 5.Ng3 Bg6 6.h4 h6 7.h5 Bh7 8.Nf3 
Nf6 9.Bd3 Bxd3 10.Qxd3 e6 11.Bd2 Nbd7 12.O-O-O Be7 
13.Ne4 O-O 14.Kb1 c5 15.dxc5 Nxc5 16.Nxf6+ Bxf6 
17.Qxd8 Rfxd8 18.c3 Ne4 19.Be3 b6 20.Kc2 Be7 
21.Ne5 Kf8 22.Nc6 Rxd1 23.Rxd1 Nf6 24.b4 Ke8 25.a4 
Nxh5 26.a5 1-0

[Event "HCL-T266"]
[Site "www.playchess.de"]
[Date "2006.03.16"]
[Round "4"]
[White "stevetilbury"]
[Black "ksterleu"]
[WhiteElo "1610"]
[BlackElo "1553"]
[PlyCount "61"]
[Result "1-0"]

1.e4 e6 2.d4 d5 3.Nc3 Bb4 4.e5 c5 5.a3 Bxc3+ 
6.bxc3 Ne7 7.Nf3 Nbc6 8.a4 O-O 9.Be2 b6 10.O-O Bb7 
11.Ba3 Re8 12.dxc5 bxc5 13.Bxc5 a5 14.c4 dxc4 
15.Bxc4 Ng6 16.Qxd8 Rexd8 17.Bd6 Nb4 18.Nd4 Ba6 
19.Bxa6 Rxa6 20.Rfb1 f6 21.Nxe6 Rc8 22.Bxb4 Rxe6 
23.Bxa5 Rxe5 24.Bb6 Rxc2 25.a5 Nf4 26.a6 Re8 27.a7 
Ra8 28.Be3 Nd5 29.Rb8+ Rc8 30.Rab1 Nxe3 
31.Rxc8+ 1-0

[Event "ACL-M080"]
[Site "www.playchess.de"]
[Date "2006.03.16"]
[Round "21"]
[White "Nosferatu"]
[Black "unconnected"]
[WhiteElo "2154"]
[BlackElo "2146"]
[PlyCount "80"]
[Result "0-1"]

1.d4 {Hi from germany and a good game}  Nf6 {gg}  
2.c4 g6 3.Nc3 Bg7 4.e4 d6 5.Nf3 O-O 6.h3 Na6 7.Bg5 
Qe8 8.g4 e5 9.d5 Kh8 10.a3 Nc5 11.Nd2 a5 12.Be2 a4 
13.Qc2 b6 14.Be3 Bd7 15.O-O-O Qc8 16.Kb1 Kg8 17.g5 
Nh5 18.Bxh5 gxh5 19.Nf3 f5 20.gxf6 Rxf6 21.Nh4 Qf8 
22.Rhg1 Kh8 23.f4 exf4 24.Bd4 Bxh3 25.Nf5 Bg4 
26.Nxg7 Qxg7 27.Rde1 Nb3 28.Bxf6 Qxf6 29.Rgf1 f3 
30.Rf2 Nc5 31.Qd1 Qe5 32.Ka2 Rf8 33.Qd2 Rf4 34.Re3 
Nxe4 35.Rxe4 Rxe4 36.Nxe4 Qxe4 37.Ka1 Kg7 38.Rf1 
Kg6 39.Qc3 h4 40.Re1 Qf4 0-1

[Event "HCL-C4075"]
[Site "www.playchess.de"]
[Date "2006.03.16"]
[Round "6"]
[White "manitcse2005"]
[Black "dreptenainte"]
[WhiteElo "348"]
[BlackElo "1600"]
[PlyCount "28"]
[Result "0-1"]

1.d4 d5 2.e3 Nf6 3.f3 c5 4.dxc5 e5 5.e4 Nxe4 
6.fxe4 Qh4+ 7.g3 Qxe4+ 8.Ne2 Qxh1 9.Nbc3 Bh3 
10.Kd2 Qxf1 11.Qxf1 Bxf1 12.Ng1 Bxc5 13.Ke1 Bg2 
14.Nge2 Nc6 0-1

[Event "HCL-A2605"]
[Site "www.playchess.de"]
[Date "2006.03.16"]
[Round "3"]
[White "Crusaders"]
[Black "Deep_Trouble"]
[WhiteElo "1554"]
[BlackElo "1653"]
[PlyCount "50"]
[Result "0-1"]

1.e4 {Hello ! Good luck ad a very nice game !}  e6 
{Danke.  Haben sie einen gute spiel. [Please 
excuse my German.]}  2.d4 {Ist doch sehr gut Ihr 
deutsch, wäre froh wenn ich so gut englisch 
könnte.}  d5 {Danke, aber ich spreche nicht 
Deutsch.}  3.e5 c5 4.c3 {Trotzdem gut und 
verständlich}  Nc6 5.Be3 Qb6 6.Qd2 cxd4 7.cxd4 Bb4 
8.Nc3 Bd7 9.Nf3 Nge7 10.Bd3 Nf5 11.a3 Bxc3 12.bxc3 
Rc8 13.Bxf5 exf5 14.O-O Na5 15.Rab1 Qc6 16.Rfe1 
O-O 17.Qa2 Nc4 18.Bf4 b5 19.Rec1 h6 20.h3 a6 
21.Nd2 Be6 22.Nxc4 dxc4 23.Rb2 Qe4 24.Bh2 Bd5 
25.f3 Qe3+ 0-1

[Event "HCL-E1573"]
[Site "www.playchess.de"]
[Date "2006.03.16"]
[Round "17"]
[White "Hassell"]
[Black "yannick"]
[WhiteElo "2197"]
[BlackElo "1532"]
[PlyCount "69"]
[Result "1-0"]

1.e4 {Hi, pleased to meet you.}  d6 {hi,same here 
enjoy this game}  2.d4 Nf6 3.Bd3 Nc6 4.c3 e5 5.Nf3 
Bg4 6.d5 Ne7 7.c4 Qd7 8.Nc3 Bxf3 9.Qxf3 c6 10.b4 
cxd5 11.exd5 Ng6 12.Bg5 Be7 13.c5 O-O 14.c6 bxc6 
15.dxc6 Qg4 16.Qxg4 Nxg4 17.Bxe7 Nxe7 18.b5 d5 
19.a4 f5 20.O-O d4 21.Bc4+ Kh8 22.Ne2 Rac8 23.h3 
Nf6 24.f4 exf4 25.Nxd4 Nfd5 26.Rfe1 Ne3 27.Be6 
Rcd8 28.Bd7 Rdb8 29.Ne6 Nc2 30.Nxf8 Nxe1 31.Rxe1 
Nd5 32.Re8 Rxe8 33.Bxe8 g5 34.Ne6 g4 
35.c7 1-0

[Event "HCL-C4187"]
[Site "www.playchess.de"]
[Date "2006.03.16"]
[Round "6"]
[White "djpnola"]
[Black "donsimon"]
[WhiteElo "1075"]
[BlackElo "1102"]
[PlyCount "55"]
[Result "1-0"]

1.f4 {Hello again.}  e6 {Hi again. Let's see 
whether our 2nd game will be as turbulent ...}  
2.e4 d5 3.e5 f6 4.d4 g5 5.Nc3 Ne7 6.Be3 fxe5 
7.fxe5 Rg8 8.Qh5+ Ng6 9.Qxh7 Rg7 10.Qh5 Be7 11.Bd3 
Kf7 12.Bxg6+ Rxg6 13.Nf3 Nc6 14.O-O b6 15.Nh4+ Ke8 
16.Qxg6+ Kd7 17.Rf7 gxh4 18.Bg5 h3 19.Bxe7 Nxe7 
20.Qf6 hxg2 21.Kxg2 Ba6 22.a4 Qg8+ 23.Rg7 Qe8 
24.Nb5 Bc8 25.Ra3 a6 26.Nxc7 Kxc7 27.Rxe7+ Kd8 
28.Ra7+ 1-0

[Event "HCL-E1546"]
[Site "www.playchess.de"]
[Date "2006.03.16"]
[Round "1"]
[White "Glomp"]
[Black "Eishockeytorwart"]
[WhiteElo "1552"]
[BlackElo "1949"]
[PlyCount "39"]
[Result "0-1"]

1.e4 {Viel Spaß auch diesmal!}  e5 {auch die auf 
ein neues}  2.Nf3 Nc6 3.Bb5 a6 4.Ba4 Nf6 5.O-O Be7 
6.Re1 d6 7.Bxc6+ bxc6 8.d4 exd4 9.Nxd4 Bd7 10.Nc3 
O-O 11.Nf5 Bxf5 12.exf5 Re8 13.Qf3 d5 14.Bf4 Bd6 
15.a3 Qd7 16.Bxd6 Qxd6 17.h3 c5 18.Rad1 Rxe1+ 
19.Rxe1 c4 20.g4 0-1

[Event "HCL-B3868"]
[Site "www.playchess.de"]
[Date "2006.03.16"]
[Round "6"]
[White "sundfar"]
[Black "seisan"]
[WhiteElo "1373"]
[BlackElo "1392"]
[PlyCount "124"]
[Result "0-1"]

1.d4 {hello}  e6 {hello}  2.c4 d5 3.Nf3 c6 4.Bf4 
Nf6 5.Nc3 Nbd7 6.e3 Be7 7.Bd3 O-O 8.O-O dxc4 
9.Bxc4 b5 10.Bd3 a6 11.Re1 Bb7 12.h3 c5 13.dxc5 
Nxc5 14.Be2 Qxd1 15.Raxd1 Rfd8 16.Bc7 Rxd1 17.Rxd1 
b4 18.Nb1 Nd5 19.Bh2 Bf6 20.Be5 a5 21.Bxf6 gxf6 
22.Nbd2 Ba6 23.Bxa6 Rxa6 24.Nc4 Ne4 25.b3 Nec3 
26.Rd2 a4 27.e4 Nxe4 28.Rd4 Nec3 29.Rd2 axb3 
30.axb3 Ra1+ 31.Kh2 Rb1 32.Na5 Kg7 33.Nd4 Kg6 
34.g4 e5 35.Nf5 Nf4 36.Ne7+ Kg5 37.Rd8 Ne4 38.Rg8+ 
Ng6 39.f3 Nd2 40.Kg3 Nf1+ 41.Kf2 Kh4 42.Nxg6+ fxg6 
43.Rh8 h5 44.Rh6 Kg5 45.Rh8 hxg4 46.hxg4 Nd2 
47.Rb8 Ra1 48.Nc6 Nxb3 49.Nd8 Nd4 50.Kg3 f5 
51.gxf5 gxf5 52.Rxb4 f4+ 53.Kf2 Ra2+ 54.Kf1 Nxf3 
55.Ne6+ Kg4 56.Nc5 Ng5 57.Nd3 e4 58.Nf2+ Kf3 
59.Rb3+ e3 60.Nd1 Ne4 61.Ke1 Re2+ 62.Kf1 
Nd2+ 0-1

[Event "HCL-M869"]
[Site "www.playchess.de"]
[Date "2006.03.16"]
[Round "8"]
[White "Vince"]
[Black "Cramneck"]
[WhiteElo "1744"]
[BlackElo "1922"]
[PlyCount "56"]
[Result "1/2-1/2"]

1.d4 {Hi fron Holland,Vincent van Gogh}  g6 {Hi 
from England}  2.e4 Bg7 3.Nf3 d6 4.Nc3 Nf6 5.e5 
dxe5 6.Nxe5 O-O {Happy New Year}  7.Bb5 c6 8.Be2 
Nbd7 9.f4 c5 10.O-O cxd4 11.Qxd4 Ne8 12.Bb5 Qb6 
13.Be3 Qxd4 14.Bxd4 Nxe5 15.fxe5 Nc7 16.Bc4 Ne6 
17.Bxe6 Bxe6 18.Rad1 Rfd8 19.h3 Bf5 20.Rf2 h5 
21.Re2 b6 22.Bf2 Rxd1+ 23.Nxd1 Rd8 24.Nc3 Be6 
25.Bh4 Kf8 26.b3 Bc8 27.Bf2 Ba6 28.Re4 Rd7 
{(offering draw)}  1/2-1/2

[Event "HCL-A2617"]
[Site "www.playchess.de"]
[Date "2006.03.16"]
[Round "21"]
[White "GCP"]
[Black "Matu"]
[WhiteElo "1462"]
[BlackElo "1536"]
[PlyCount "82"]
[Result "0-1"]

1.e4 {welcome to a new game}  c6 {hello and good 
luck}  2.d4 d5 3.exd5 cxd5 4.c4 Nf6 5.c5 Nc6 6.Bb5 
e6 7.a3 Bd7 8.Bxc6 Bxc6 9.b4 a5 10.Bb2 axb4 
11.axb4 Rxa1 12.Bxa1 b6 13.Nf3 bxc5 14.bxc5 Bb5 
15.Nc3 Qa5 16.Nd2 Be7 17.Nxb5 Qxb5 18.Qe2 Qxe2+ 
19.Kxe2 Kd7 20.Bc3 Ra8 21.Rb1 Kc6 22.Rb6+ Kc7 
23.f4 Nd7 24.Rb1 Bf6 25.Nf3 Nxc5 26.Ne5 Nd7 
27.Nxf7 Ra2+ 28.Rb2 Rxb2+ 29.Bxb2 Nc5 30.Ne5 Bxe5 
31.dxe5 Kc6 32.g4 g6 33.h4 Ne4 34.Ke3 Kc5 35.g5 
Ng3 36.Kf3 Nf5 37.Kg4 Kc4 38.h5 Kb3 39.Bc1 Kc2 
40.Ba3 d4 41.Bb4 d3 0-1

[Event "HCL-C4126"]
[Site "www.playchess.de"]
[Date "2006.03.16"]
[Round "3"]
[White "Innessa"]
[Black "subhash"]
[WhiteElo "884"]
[BlackElo "800"]
[PlyCount "33"]
[Result "1-0"]

1.e4 {Hi !   Good luck !}  c5 {thanks,}  2.Nf3 
{Your city ? Speak You good english, really ?}  e6 
{From Sydney, Australia. Yes I speak English 
though its not my mother tongue}  3.d4 {I can read 
` India` ! I think : `Anand` !}  Nc6 {Yeah, I am 
from India. But now i live in sydney. By the way 
how long is the game allowed to go?}  4.d5 {Your 
game ?}  Nb4 5.c3 {I speak english little !  : )  
What do You mean ?}  Na6 6.Bxa6 {I think, You have 
10 alloved games as guest . I have 10 too.}  bxa6 
{Is their anyway we could play faster!}  7.O-O 
{Yes . Do You play blitz, 5 min pro game ?}  Qc7 
{yes, I would love to... Do you know any site 
where we can play Blitz game}  8.Bg5 {Yes, the 
site `Chess21.com`, I have playing blitz-2 ( 2 
min. pro move ) .}  Bb7 {thanks. I have been 
playing in flyordie.com. It has 5 min and 20 min 
blitz and rapid games. No software to be 
downloaded.}  9.dxe6 {Mi english ! 2 min pro GAME 
! You can look.}  dxe6 10.Nbd2 f6 11.Bh4 Nh6 
12.Bg3 Bd6 13.Bxd6 Qxd6 14.Qa4+ Bc6 15.Qxa6 O-O 
16.Rad1 Qc7 17.Qa3 1-0

[Event "HCL-E1505"]
[Site "www.playchess.de"]
[Date "2006.03.16"]
[Round "18"]
[White "Toni76"]
[Black "Chascarrillo"]
[WhiteElo "1819"]
[BlackElo "1912"]
[PlyCount "72"]
[Result "0-1"]

1.d4 {Hi good luck!}  Nf6 {Hello from Seattle, 
Washington, and good luck.}  2.Nf3 {Hi from 
Dresden, good luck to you too.}  g6 3.c4 Bg7 4.Nc3 
d6 5.e4 O-O 6.Be2 e5 7.O-O Nc6 8.d5 Ne7 9.Bg5 Nh5 
10.Nd2 Nf4 11.Bxf4 exf4 12.Nf3 Bd7 13.Qd2 Bh6 
14.b4 a5 15.a3 axb4 16.axb4 Rxa1 17.Rxa1 f6 18.c5 
dxc5 19.bxc5 Bg4 20.Nd4 Bd7 21.Bc4 Kg7 22.f3 g5 
23.Ncb5 g4 24.Qc3 gxf3 25.Nxf3 c6 26.Nd6 b5 27.Bb3 
Bg4 28.Ra7 Kh8 29.dxc6 Nxc6 30.Nf7+ Rxf7 31.Rxf7 
Bg7 32.Qd2 Qa8 33.h3 Bxf3 34.gxf3 Ne5 35.Qa2 Qxa2 
36.Bxa2 Nxf7 0-1

[Event "HCL-C4173"]
[Site "www.playchess.de"]
[Date "2006.03.16"]
[Round "14"]
[White "cla114"]
[Black "knightprancer"]
[WhiteElo "824"]
[BlackElo "1253"]
[PlyCount "46"]
[Result "0-1"]

1.e4 e6 {Hi and all the best !}  2.d4 {hi, same to 
u!}  d5 3.Nc3 c5 4.Nf3 Qb6 5.Bd3 c4 6.Be2 Nc6 
7.O-O g6 8.e5 Bg7 9.Bg5 h6 10.Bf6 Nxf6 11.exf6 
Bxf6 12.b3 Nxd4 13.bxc4 Nxe2+ 14.Qxe2 Bxc3 15.Rab1 
Qa6 16.Rb3 Bg7 17.Ne5 O-O 18.Rh3 Qxa2 19.cxd5 exd5 
20.Ng4 Bxg4 21.Re3 Bxe2 22.Rxe2 Rae8 23.Rxe8 
Rxe8 0-1

[Event "HCL-A2617"]
[Site "www.playchess.de"]
[Date "2006.03.16"]
[Round "15"]
[White "Wernswig"]
[Black "GCP"]
[WhiteElo "1381"]
[BlackElo "1462"]
[PlyCount "66"]
[Result "0-1"]

1.e4 {hi, have a nice game}  d6 {the same to you}  
2.Bc4 Nf6 3.d3 c6 4.Nc3 g6 5.Nf3 Bg7 6.O-O a5 7.a4 
Bd7 8.Ng5 O-O 9.f4 b5 10.axb5 cxb5 11.Nxb5 Bxb5 
12.Bxb5 Qb6+ 13.Kh1 Qxb5 14.c4 Qb7 15.Qe2 Nc6 
16.Rf3 Nd4 17.Qf2 Nxf3 18.Qxf3 h6 19.Nh3 e6 20.Qg3 
Nh5 21.Qh4 d5 22.e5 dxc4 23.d4 Qb3 24.Qe1 Rfc8 
25.Ra3 Qb4 26.Qe3 Bf8 27.Rc3 Qb7 28.Kg1 Bb4 29.Rc2 
Ng7 30.Qg3 Nf5 31.Qf2 c3 32.bxc3 Rxc3 33.Rb2 
Rxc1+ 0-1

[Event "HCL-A2624"]
[Site "www.playchess.de"]
[Date "2006.03.16"]
[Round "4"]
[White "tuGGy"]
[Black "bob19"]
[WhiteElo "1548"]
[BlackElo "1480"]
[PlyCount "69"]
[Result "1/2-1/2"]

1.e4 c5 2.f4 d6 3.Nf3 Nc6 4.Bb5 Bd7 5.O-O a6 
6.Bxc6 Bxc6 7.d3 e6 8.Nc3 Be7 9.a4 Nf6 10.a5 O-O 
11.Ne2 b6 12.c4 Qc7 13.Ng3 b5 14.b3 b4 15.f5 e5 
16.Bg5 h6 17.Bxf6 Bxf6 18.Nh5 Be7 19.g4 f6 20.Nh4 
Be8 21.Ng6 Bxg6 22.fxg6 Qd7 23.Qf3 Rae8 24.Qf5 
Qxf5 {(offering draw)}  25.Rxf5 Bd8 {(offering 
draw)}  26.Kg2 Re6 27.h4 Be7 28.Raf1 Bd8 29.g5 
hxg5 30.hxg5 Be7 31.gxf6 Bxf6 32.Nxf6+ Rfxf6 
33.Rg5 Rxf1 34.Kxf1 Rf6+ 35.Ke2 1/2-1/2

[Event "HCL-C3995"]
[Site "www.playchess.de"]
[Date "2006.03.16"]
[Round "14"]
[White "klm"]
[Black "Doc"]
[WhiteElo "1028"]
[BlackElo "1090"]
[PlyCount "69"]
[Result "1-0"]

1.e4 {Guten Abend}  e5 {And greetings to you too. 
Good luck.}  2.Nf3 Nc6 3.Bc4 Bc5 4.c3 d6 5.Ng5 
Qxg5 6.O-O Bh3 7.Qf3 Be6 8.d3 Qg6 9.Be3 b6 10.Bxc5 
bxc5 11.Na3 Bg4 12.Bxf7+ Qxf7 13.Qxg4 Nf6 14.Qe2 
Qg6 15.h3 Nh5 16.g3 O-O 17.Nb5 Nf4 18.Qg4 Qxg4 
19.hxg4 Nxd3 20.f3 Nxb2 21.Nxc7 Rab8 22.Rf2 Nd3 
23.Rff1 Rf6 24.Rab1 Rc8 25.Nd5 Rh6 26.Kg2 Na5 
27.Ne7+ Kf7 {I mised that :-(}  28.Nf5 {i haven´t 
any other ways, sorry!}  Re6 29.Rb5 {it´s similiar 
with me..;-)}  Nc4 30.Rb7+ Kf8 31.Rxg7 Ne3+ 
32.Nxe3 Kxg7 33.Rh1 Rb8 34.Nc4 Rf8 
35.g5 1-0

[Event "HCL-A2601"]
[Site "www.playchess.de"]
[Date "2006.03.16"]
[Round "10"]
[White "Torenvalk"]
[Black "Jule"]
[WhiteElo "1555"]
[BlackElo "1362"]
[PlyCount "61"]
[Result "1-0"]

1.Nf3 {Have a good game.}  Nc6 {thanks, you too}  
2.c4 e5 3.Nc3 Nf6 4.g3 Bc5 5.Bg2 O-O 6.d3 h6 7.O-O 
a6 8.Nxe5 Nxe5 9.d4 Bxd4 10.Qxd4 d6 11.b3 c5 
12.Qd2 Rb8 13.Rd1 Ne8 14.Bb2 Be6 15.Nd5 Bxd5 
16.Qxd5 b5 17.Bxe5 Nf6 18.Bxf6 Qxf6 19.Qxd6 Qxd6 
20.Rxd6 bxc4 21.bxc4 a5 22.Ra6 Rb4 23.Bd5 a4 24.a3 
Rb2 25.e3 Kh8 26.Rxa4 f6 27.Ra8 Rfb8 28.a4 h5 
29.h4 Kh7 30.Rxb8 Rxb8 31.a5 1-0

[Event "HCL-A2629"]
[Site "www.playchess.de"]
[Date "2006.03.16"]
[Round "1"]
[White "victorabiodun03"]
[Black "froilo"]
[WhiteElo "1596"]
[BlackElo "1490"]
[PlyCount "45"]
[Result "1-0"]

1.f4 d5 2.Nf3 e6 3.e3 c5 4.d4 Nf6 5.c3 Nc6 6.Bd3 
c4 7.Bc2 Be7 8.O-O b5 9.Nbd2 a5 10.Ne5 Bb7 11.Qf3 
b4 12.g4 b3 13.axb3 cxb3 14.Nxb3 O-O 15.g5 Nxe5 
16.fxe5 Ne4 17.h4 Nxg5 18.hxg5 Bxg5 19.Nc5 Ba6 
20.Rf2 Bh4 21.Rh2 Qg5+ 22.Kh1 Bg3 
23.Rh5 1-0

[Event "HCL-C4134"]
[Site "www.playchess.de"]
[Date "2006.03.16"]
[Round "16"]
[White "Azimut"]
[Black "Genesio"]
[WhiteElo "800"]
[BlackElo "1067"]
[PlyCount "59"]
[Result "1-0"]

1.b3 {Hello from Paris, please to meet you and 
good luck!}  d5 {Ciao from Milano...}  2.Bb2 e6 
3.d3 Bd6 4.g3 Nf6 5.Nd2 O-O 6.e3 Nc6 7.Ne2 e5 
8.Bg2 Bg4 9.a3 b5 10.h3 Bxe2 11.Qxe2 Re8 12.O-O e4 
13.dxe4 Nxe4 14.Nxe4 Be5 15.Bxe5 Rxe5 16.f4 Re6 
17.Ng5 Rh6 18.Qxb5 Rb8 19.Qxd5 Qxd5 20.Bxd5 Nd8 
21.h4 Rb5 22.Rfd1 Rd6 23.Bc4 Rbb6 24.Rxd6 Rxd6 
25.Ne4 Rc6 26.Rd1 Ne6 27.Bxe6 fxe6 28.Rd8+ Kf7 
29.Rd7+ Ke8 30.Rxg7 1-0